| 000 | 00925 a2200241 4500 | ||
|---|---|---|---|
| 001 | 57983 | ||
| 005 | 20260407155839.0 | ||
| 008 | 260407a2010 arg spa d | ||
| 003 | AR-UNSa-BCEJYS | ||
| 040 |
_aAR-UNSa-BCEJYS _bspa _cAR-UNSa-BCEJYS |
||
| 080 |
_a94((821.1) _xHistoria de CABA |
||
| 245 | 1 | 0 |
_aDinámica de una ciudad _pBuenos Aires, 1810-2010 |
| 020 | _a978-987-1037-95-7 | ||
| 264 | 1 |
_aBuenos Aires : _bDirección General de Estadística y Censos _c2010 |
|
| 300 |
_a522 p. _c27 cm. |
||
| 505 | _a1. Ambiente natural – 2. Población y territorio – 3. Dinámica social y económica – 4. Política y gestión gubernamental – 5. Cultura | ||
| 041 | _aspa | ||
| 942 | _cBK | ||
| 590 | _aniveau_biblio:m niveau_hierar:0 | ||
| 100 | 1 | _aCiudad Autónoma de Buenos Aires. Ministerio de Hacienda. Dirección General de Estadísticas y Censos | |
| 700 | 1 | _aZuloaga, Nora G. | |
| 700 | 1 | _aLattes, Alfredo E. | |
| 999 |
_c6363 _d6363 |
||